| 000 | 01349cam a2200301 4500 | ||
|---|---|---|---|
| 001 | WB3924-06 | ||
| 008 | 030625n2003 000 0 eng u | ||
| 035 | _a(Sirsi) u122734 | ||
| 245 | _aRegional office vacancies increasing | ||
| 260 | _c2003 | ||
| 490 |
_aDTZ Press Release _v 16 June 2003 (2) |
||
| 490 |
_aProperty Week _v68(24) 20 June 2003, 8(1) |
||
| 520 | _aProvisional second quarter figures for 2003 in the latest DTZ "UK regional offices research" show that office supply in London and the 10 major regional office markets in the UK is still increasing. However, despite weakening market conditions and a decrease in take-up in six of the ten centres, prime rental levels remained resilient with half of the regional markets showing positive rental growth. Newcastle, Birmingham and Leeds showed the greatest increases. http://www.dtz.com/www/dtzglobal.nsf/docs/5NDBMALBAK?Opendocument&lang=1 | ||
| 590 | _aWB | ||
| 650 | _aPROPERTY-COMMERCIAL PROPERTY-OFFICE PROPERTY-OFFICE PROPERTY MARKET | ||
| 650 | _aLONDON | ||
| 650 | _aGLASGOW | ||
| 650 | _aBRISTOL | ||
| 650 | _aNEWCASTLE | ||
| 650 | _aEDINBURGH | ||
| 650 | _aBELFAST | ||
| 650 | _aBIRMINGHAM | ||
| 650 | _aLEEDS | ||
| 650 | _aOFFICE SUPPLY | ||
| 650 | _aOFFICE RENTS | ||
| 690 | _aPROPERTY-COMMERCIAL PROPERTY-COMMERCIAL PROPERTY MARKET | ||
| 942 | _n0 | ||
| 999 |
_c72917 _d72917 |
||